Giới thiệu giống mía năng suất, chất lượng cao

Gespeichert in:
Bibliographische Detailangaben
1. Verfasser: Bộ Nông Nghiệp và PTNT
Format: Buch
Sprache:Undetermined
Veröffentlicht: Hà Nội Nông Nghiệp 2000
Schlagworte:
Tags: Tag hinzufügen
Keine Tags, Fügen Sie den ersten Tag hinzu!
Thư viện lưu trữ: Trung tâm Học liệu Trường Đại học Cần Thơ
LEADER 00622nam a2200193Ia 4500
001 CTU_41757
008 210402s9999 xx 000 0 und d
020 |b 12.000đ 
082 |a 633.61 
082 |b B450 
100 |a Bộ Nông Nghiệp và PTNT 
245 0 |a Giới thiệu giống mía năng suất, chất lượng cao 
245 0 |c Bộ Nông Nghiệp và PTNT 
260 |a Hà Nội 
260 |b Nông Nghiệp 
260 |c 2000 
650 |a sugar-cane - planting,sugar-cane - varieties 
904 |i Minh, 010607 
980 |a Trung tâm Học liệu Trường Đại học Cần Thơ